000 00560nam a22001937a 4500
005 20260515152012.0
008 260515b |||||||| |||| 00| 0 eng d
020 _a9781447157618
_c5290.00
040 _aMAIN
041 _aEnglish
082 _a004.6
_bTAY
100 _aTaylor, Ian J.
_922810
245 _aFrom P2P And Grids to Services on the Web
_b: Evolving Distributed Communities
260 _aUnited KIngdom
_bSpringer
_c2009
300 _a462
650 _aComputer Science (PM (USHA)
_926808
700 _aHarrison, Andrew
_922811
942 _cBK
999 _c60804
_d60804